La España del siglo XVI
Wedi'i Gadw mewn:
| Prif Awdur: | |
|---|---|
| Fformat: | Llyfr |
| Iaith: | Sbaeneg |
| Cyhoeddwyd: |
Buenos Aires
Librería El Ateneo
1951
|
| Pynciau: | |
| Tagiau: |
Ychwanegu Tag
Dim Tagiau, Byddwch y cyntaf i dagio'r cofnod hwn!
|
MARC
| LEADER | 00000nam a2200000 a 4500 | ||
|---|---|---|---|
| 001 | UCR2530 | ||
| 003 | CL-VaPUC | ||
| 008 | 980112e19510000AG |||||||||||||||||spa|d | ||
| 082 | 0 | 4 | |a 946.009 |b FOR |2 21 |
| 100 | 0 | |a Fornieles, Salvador |e author |9 400431 | |
| 245 | 1 | 3 | |a La España del siglo XVI |
| 300 | |a 159 p | ||
| 942 | |c BK | ||
| 945 | |d 19980112 00:00:00 |a crobeson | ||
| 260 | |a Buenos Aires |b Librería El Ateneo |c 1951 | ||
| 600 | 0 | 7 | |a FELIPE II |2 CL-VaPUC |9 314006 |
| 650 | 0 | |a Historia de España |9 315435 | |
| 650 | 0 | |a Inquisición (Iglesia Católica) |9 258578 | |
| 651 | 0 | |a España |9 254926 | |
| 583 | |a last modification |c 19980112 00:00:00 |k Rodrigo Vera | ||
| 999 | |c 265665 |d 265663 | ||
| 952 | |0 0 |1 0 |4 0 |6 946_009000000000000_FOR_1951 |7 0 |8 DER_HIS |9 296682 |a BIBDER |b BIBDER |d 2019-11-20 |i 1924710 |o 946.009 FOR 1951 |p 1924710 |r 2023-01-25 |w 2019-11-20 |x Ubicación 4to Piso |y BK |z Estos recursos deben solicitarse con anticipación |k DER | ||